Restrukturalizace železnic pro zvýšení konkurenceschopnosti

Význam moderného a vysokokvalitného systému železničnej dopravy pre rozvoj konkurencieschopných spracovateľských a ťažobných sektorov. Spôsob zavádzania konkurenčných vzťahov do sektoru železníc - intermodálna a intramodálna konkurencia a regulácia. Organizácia a reštrukturalizácia železníc a železn...

Celý popis

Uložené v:
Podrobná bibliografia
Hlavný autor: Ordover, J.
Ďalší autori: Pittman, R.
Médium: Kapitola
Jazyk:Czech
Predmet:
Tagy: Pridať tag
Žiadne tagy, Buďte prvý, kto otaguje tento záznam!

MARC

LEADER 00000naa a2200000 4500
001 r001021
005 20221205090621.4
041 0 |a cze 
044 |a CZ 
245 1 0 |a Restrukturalizace železnic pro zvýšení konkurenceschopnosti  |c J. Ordover, R. Pittman 
520 |a Význam moderného a vysokokvalitného systému železničnej dopravy pre rozvoj konkurencieschopných spracovateľských a ťažobných sektorov. Spôsob zavádzania konkurenčných vzťahov do sektoru železníc - intermodálna a intramodálna konkurencia a regulácia. Organizácia a reštrukturalizácia železníc a železničnej prepravy v krajinách ES, USA, Kanade, Japonsku, Poľsku. 
610 2 0 |a železnice 
610 2 0 |a reštrukturalizácia 
610 2 0 |a doprava železničná 
610 2 0 |a USA 
610 2 0 |a Japonsko 
610 2 0 |a Kanada 
610 2 0 |a Poľsko 
610 2 0 |a infraštruktúra 
610 2 0 |a regulácia 
100 1 |a Ordover, J. 
700 1 |a Pittman, R.